| 000 | 00571nam a2200217Ia 4500 | ||
|---|---|---|---|
| 008 | 160418s9999 xx 000 0 und d | ||
| 020 | _a971-23-3603-4 | ||
| 050 | _aFIL PN 4121 | ||
| 050 | _b.C37 2003 | ||
| 100 | _aCarpio, Rustia C. | ||
| 245 | _aPrivate and public speaking / | ||
| 245 | _cRustia C. Carpio, Anacleta M. Encarnacion. | ||
| 260 | _aManila: | ||
| 260 | _bRex Book Store, Inc., | ||
| 260 | _c2003 | ||
| 300 | _a327 pages : | ||
| 300 | _billustrations ; | ||
| 300 | _c22 cm. | ||
| 650 | _aPublic speaking. | ||
| 650 | _xEffective speaking. | ||
| 999 |
_c293484 _d293484 |
||